| 000 | 00919nam a2200241 4500 | ||
|---|---|---|---|
| 003 | OSt | ||
| 005 | 20240718075017.0 | ||
| 006 | a | ||
| 008 | 240718b |||||||| |||| 00| 0 eng d | ||
| 020 | _a9719345004 | ||
| 040 |
_aDWCL-Main lib. _cOC |
||
| 082 | _aFil. 941 P552 2006 | ||
| 245 | _aPhilippine politics and governance: challenges to democratization and development / | ||
| 260 |
_aDiliman, Quezon City : _bDept. of Political Science, University of the Philippines in collaboration with the Philippine Commission on Higher Education, _cc2006. |
||
| 300 |
_axix, _b303 p. ; _c25 cm. |
||
| 504 | _aIncludes bibliographical references and index. | ||
| 650 | _a1. Philippines-Politics and government. | ||
| 650 | _a2. Democracy–Philippines. | ||
| 650 | _a3. Economic development–Philippines. | ||
| 700 | _aTeresa S. Encarnacion | ||
| 700 | _aTadem Noel M. Morada | ||
| 942 |
_2ddc _n0 _cBK - FIL _kFil. |
||
| 999 |
_c2387 _d2387 |
||